Classic Children's Books - Statistics

General Stats
  • This quiz has been taken 191 times
  • The average score is 19 of 43
Answer Stats
Hint Answer % Correct
A scarecrow, tin man and cowardly lion The Wonderful Wizard of Oz
91%
A flying boy who doesn't want to grow up Peter and Wendy
90%
A white rabbit, a queen of hearts, and a mad hatter Alice's Adventures in Wonderland
88%
A young boy grows up in the jungle, with the company of wild animals The Jungle Book
84%
Visits from 3 ghosts to change a man's nature A Christmas Carol
80%
A story of friendship between a pig and a spider Charlotte's Web
80%
Meg, Jo, Beth and Amy March Little Women
76%
Possibly the best nanny in the world Mary Poppins
74%
A little boy, a bear, a piglet and other animal friends Winnie-the-Pooh
73%
4 children go through a wardrobe to a magical land The Lion, the Witch, and the Wardrobe
72%
A little girl in the Swiss Alps Heidi
71%
Famous story about a horse Black Beauty
67%
All for one, and one for all The Three Musketeers
59%
Involves castaways and "Friday" Robinson Crusoe
57%
The adventures of a toad, rat, mole and badger The Wind in the Willows
57%
Voyages, tiny people, talking horses Gulliver's Travels
55%
Initially the fables were addressed to adults and covered religious, social and political themes. Aesop's Fables
53%
A family is shipwrecked in the East Indies The Swiss Family Robinson
53%
A young boy encounters pirates and adventure Treasure Island
53%
A survival story about a group of rabbits Watership Down
53%
Includes Ali Baba and the 40 thieves Arabian Nights
52%
A friendly bear from darkest Peru A Bear Called Paddington
49%
Adopted by a brother and sister this young girl has many adventures on Prince Edward Island Anne of Green Gables
49%
He sleeps for 20 years Rip Van Winkle
42%
A young boy growing up along the Mississippi River The Adventures of Tom Sawyer
42%
A family of tiny people who live in the walls of houses The Borrowers
34%
A famous storybook about a boy called Max, who causes mischief of one kind and another Where the Wild Things Are
34%
A journey there and back again The Hobbit
30%
The headless horseman The Legend of Sleepy Hollow
30%
Centres around a dog named Buck The Call of the Wild
27%
The strongest girl in the world Pippi Longstocking
25%
Professor Otto Lidenbrock believes there are volcanic tubes going toward the centre of the Earth A Journey to the Center of the Earth
24%
He wants to be real through the love of his owner The Velveteen Rabbit
20%
Player of the glad game! Pollyanna
14%
A grumpy, ugly sand-fairy who grants wishes Five Children and It
11%
The adventures of a young boy living in quarantine who slips back in time at night Tom's Midnight Garden
11%
A chimney sweep who appears to drown, but instead is transformed The Water Babies
9%
A little girl who loose everything but her spirit, then gains her father back A Little Princess
8%
Includes colourful descriptions of a tournament, outlaws, a witch trial and divisions between Jews and Christians Ivanhoe
7%
Centers around a young mage named Ged A Wizard of Earthsea
4%
Earliest picture book specifically for children Orbis Pictus
1%
Ancient Indian inter-related collection of animal fables Panchatantra
1%
Originally published in French, a collection of literary fairy tales Tales of Mother Goose
1%
No matching quizzes found
Score Distribution
Percent of People with Each Score
Percentile by Number Answered
Your Score History
You have not taken this quiz